| 000 | 01223nam a2200301Ia 4500 | ||
|---|---|---|---|
| 001 | D4424 | ||
| 003 | IT-RoPAU | ||
| 008 | 130308s9999 xx 000 0 und d | ||
| 040 | _aIT-RoPAU | ||
| 040 | _cIT-RoPAU | ||
| 041 | _aITALIANO | ||
| 100 | _aCasadio Franco Alberto | ||
| 100 | _gCodice Aut. SPICS: 44677 | ||
| 245 | _aDinamica e formalizzazione dei diritti umani | ||
| 245 | _bDiritti Umani (I). dottrina e Prassi | ||
| 250 | _a1a ed. | ||
| 260 | _aROMA | ||
| 260 | _bAve | ||
| 260 | _c1982 [1° Ed.:1982 - Ed.Ling.Originale:1982] | ||
| 300 | _a"16 p. (prefazione: no ; testo: 16 [pagine: 247-262])" | ||
| 500 | _aCondizione della Persona. Dichiarazione Universale, Simbolo di Trasformazione. Quattro convenzioni di Ginevra. convenzioni delle nazioni Unite. Atti del consiglio D'Europa. convenzioni dell'Ilo. Diritti dei paesi Emergenti. lotta Alla Discriminazione. Diritti dei Detenuti e degli Apolidi. Diritti della donna e dei Fanciulli. Diritti Economici e Sociali. Patti Internazionali. Progresso e Cooperazione. Eliminazione della fame e Malnutrizione. | ||
| 650 | _aDIRITTO GENERALE | ||
| 650 | _eCodice materia Spics: 4601 | ||
| 942 | _cBK | ||
| 957 | _71 | ||
| 999 |
_c76675 _d76675 |
||
| 999 | _bSI | ||
| 999 | _g1 | ||